000 00331nam a22001457a 4500
008 230512b ||||| |||| 00| 0 eng d
020 _a9780766041677
041 _aeng
080 _a004
082 _a004NOR
100 _a18
101 _aSHKP
245 _aPIONEERING AMERICAN COMPUTER GENIUSES
_cNORTHRUP M
942 _2udc
_cBK
999 _c59692
_d59692